000 00972cam a22003137a 4500
003 CHAP
005 20220817040805.0
008 971013s1989 r 00010 d
010 _a378
011 _a1350
035 _a526
040 _cCHAP
082 _a639.693233
_bF3
110 _aFAO
245 1 3 _aAn annotated bibliography on rodent research in Latin América 1960 - 1985
260 _aRome :
_bFAO,
_c1989
300 _a363 p.
490 0 _aFAO. Producción y protección vegetal
_v; 98
590 _aBATCH-UPD
_b10
_c20130110
_lUCH01
_h1415
590 _aBATCH-UPD
_b10
_c20130410
_lUCH01
_h0859
590 _aBATCH-UPD
_b10
_c20130914
_lUCH01
_h1428
590 _aCONVERSION
_b10
_c20130109
_lUCH01
_h1302
650 1 4 _aRoedores
_xBibliografía.
_999028
700 0 _aMitchell, G. Clay.
_976222
830 0 _aFAO. Producción y protección vegetal
_v; 98
_939654
901 _aBK
942 _cLIBRO
949 _a639.693233 F3
_bBC
_cFAO
_d-9978
_eFAO1
_h76903
_i526
_si
999 _c378
_d378